Responses for show #580 - Friday, February 27, 1987

1987 Teen Tournament final game 2.

Contestants

[<< previous game]

Mitch Epner, a senior at Half Hollow Hills West High School from Dix Hills, New York (subtotal of $7,200)

Dana Venator, a junior at Briarcliff High School from Decatur, Georgia (subtotal of $4,600)

Michael Galvin, a senior at Shaker Heights High School from Shaker Heights, Ohio (subtotal of $10,900)

[next game >>]

Jeopardy! Round responses

AUTOBIOGRAPHIES
1982
FICTIONAL ANIMALS
PALINDROMES
ROCK 'N ROLL
TRIVIAL WORLD RECORDS
    $100 10
Diahann Carroll

Michael
    $100 1
3D movie

Michael
    $100 4
Three Billy Goats Gruff

Dana
    $100 13
Tot

Michael
    $100 15
Bananarama

Michael
    $100 22
7

Dana
    $200 11
Henry Fonda

Dana
    $200 2
Israel

Mitch
    $200 5
Thumper

Michael
    $200 23
Eve

Mitch
    $200 16
Duran Duran

Michael
    $200 24
birthday

Mitch
    $300 14
Ed McMahon

Michael
    $300 3
Vietnam veterans

Dana
    $300 6
lasagna

Michael
    $300 26
(Alex: We've got less than a minute to go.)

peep

Dana
    $300 17
The Supremes

Michael
    $300 25
unicycle

Michael
    $400 20
(Alex: You're right, the football player.)

Jim McMahon

Mitch
    $400 8
pro football strike

Michael
    $400 7
smell the roses (smell the flowers)

Mitch
    $400 27
pup

Michael
    $400 18
Frankie Goes to Hollywood

Michael
    $400 29
yodel

Mitch
    $500 21
Pearl Bailey

Mitch
    $500 9
Leonid Brezhnev

Michael
    $500 12
Oliver Twist

Dana
    $500 28
redder

Michael
    $500 19
Chicago

Mitch
    $500 30
(Mitch: What is backwards?)

barefoot

MichaelMitch

Scores at the first commercial break (after clue 15):

Michael Dana Mitch
$2,100 $1,100 $600

Scores at the end of the Jeopardy! Round:

Michael Dana Mitch
$4,700 $1,500 $2,300

Double Jeopardy! Round responses

AUSTRALIA
SCIENCE
PHOTOGRAPHY
SPORTS
LAW
SCARY MOVIES
    $200 12
duck-billed platypus

Michael
    $200 6
zero

Michael
    $200 24
American Civil War

Dana
    $200 2
Lew Alcindor or Kareem Abdul-Jabbar

Mitch
    $200 16
small claims court

Michael
    $200 1
the Dead

Michael
    $400 13
82%

Mitch
    $400 7
(Michael: What is earth?)

sun

MichaelMitch
    $400 25
slides

Michael
    $400 3
Cubs

Mitch
    $400 17
contraband

Michael
    $400 5
["Theme From Jaws" plays]

great white shark

Michael
    $600 15
eucalyptus

Mitch
    $600 9
Linus Pauling

Mitch
    $600 26
Kodachrome

Michael
    $600 4
diving

Michael
    $600 18
bankruptcy

Dana
    $600 19
Little Shop of Horros

Michael
    $800 20
Aborigines

Michael
    $400 11
(Michael: What is North America?)

Antarctica

Michael
    $800 27
1/500ths of a second

Michael
    $800 8
hockey

Michael
    $800 22
Sandra Day O'Connor

Dana
    $800 23
(Mitch: What is one?)
...
(Alex: Yes, A New Beginning and Jason Lives.)

2

MichaelMitch
    $1000 21
SEATO (Southeast Asia Treaty Organization)

Michael
    $1000 14
Piltdown Man

Michael
    $1000 28
Ansel Adams

Dana
    $1000 10
anchor

Michael
    $1000 29
injunction

Michael
    $1000 30
Krueger

Triple Stumper

Scores at the end of the Double Jeopardy! Round:

Michael Dana Mitch
$14,900 $4,100 $4,100
(lock tournament)

[wagering suggestions for these scores]

Final Jeopardy! Round responses

U.S. HISTORY
MitchWhat is the Monroe Doctrine?
$2,500
DanaWhat is tofu?
$4,000
MichaelWhat is the Era of Good Spee
$2,000
Monroe Doctrine

Final scores:

Michael Dana Mitch
$12,900 $100 $6,600

Cumulative scores:

Michael Dana Mitch
$23,800 $4,700 $13,800
Tournament champion: $25,000 2nd runner-up: $5,000 1st runner-up: $13,800

Game dynamics:

Coryat scores:

Michael Dana Mitch
$15,300 $4,100 $4,100
34 R
(including 2 DDs),
2 W
(including 1 DD)
10 R,
0 W
14 R,
2 W

Combined Coryat: $23,500

The J! Archive is created by fans, for fans. The Jeopardy! game show and all elements thereof, including but not limited to copyright and trademark thereto, are the property of Jeopardy Productions, Inc. and are protected under law. This website is not affiliated with, sponsored by, or operated by Jeopardy Productions, Inc. Join the discussion at JBoard.tv.